| 000 | 01044cam a2200217 4500 | ||
|---|---|---|---|
| 001 | ##L131839 | ||
| 008 | 051212n2002 000 0 eng u | ||
| 020 | _a1860815960 | ||
| 035 | _a(Sirsi) u131839 | ||
| 041 | 0 | _aeng | |
| 050 | 0 | 4 | _a658.99 $2 18 |
| 100 | 1 | _aBassi, R. | |
| 245 | 0 | 0 |
_aElectronic tagging and wireless technologies _ban overview |
| 260 |
_aLondon _bBRE _c2002 |
||
| 300 |
_a6p _bill, tables _c30cm |
||
| 490 | 0 |
_aBRE Information Paper _vIP 16/02(part 2) |
|
| 520 | _aThe second part of this two part information paper examines the findings of a study evaluating the potential of the use of information and communication technology in the construction industry supply chain, in particular, in the logistics of construction-related products. Part 1 examined the use of tagging in other sectors, possible applications in the construction industry, and how the industry could be encouraged to adopt the technology. | ||
| 690 | _aMANAGEMENT-BUSINESS MANAGEMENT-INFORMATION MANAGEMENT | ||
| 700 | 1 | _aParand, F. | |
| 942 | _n0 | ||
| 999 |
_c104864 _d104864 |
||